| 000 | 00462cam a2200181ua 4500 | ||
|---|---|---|---|
| 001 | 9959 | ||
| 005 | 20260515114540.0 | ||
| 008 | 170125n ii |||gr||||Z||||||eng | ||
| 040 | _cMAIN | ||
| 041 | _aeng | ||
| 082 | _a336 | ||
| 100 |
_aTripathy, Ram Niranjan, _eAuthor. |
||
| 245 |
_aPublic finance in underdeveloped countries _cBy Ram Niranjan Tripathy |
||
| 260 |
_aNew Delhi: _bSterling, _c1985. |
||
| 300 | _a335p. | ||
| 653 | _aPublic finance | ||
| 942 | _cBK | ||
| 999 |
_c8955 _d8955 |
||